000 00492nam a22001937a 4500
005 20260530165446.0
008 260530b |||||||| |||| 00| 0 eng d
020 _a9783110571851
_c3201.65
040 _aMAIN
041 _aGerman
082 _a809.933
_bHAN
100 _aDünne, Jorg (ed)
_926978
245 _aHandbuch Literatur And Raum
260 _aBerlin
_bDe Gruyter
_c2015
300 _a590
650 _aGerman Language
700 _aMahler, Andreas (ed)
_926979
942 _cBK
999 _c60948
_d60948